Introducción a la ciencia y tecnología de cereales y de granos andinos

Збережено в:
Бібліографічні деталі
Автор: Repo-Carrasco, Ritva (Автор)
Формат: Книга
Мова:Іспанська
Опубліковано: Lima Edi-Agraria 1998
Предмети:
Теги: Додати тег
Немає тегів, Будьте першим, хто поставить тег для цього запису!

MARC

LEADER 00000nam a2200000 a 4500
001 UCI5425
003 CL-VaPUC
008 080328e19980000PE |||||||||||||||||spa|d
082 0 4 |a 633.2  |b REP  |2 21 
100 0 |a Repo-Carrasco, Ritva  |e author  |9 527797 
245 1 0 |a Introducción a la ciencia y tecnología de cereales y de granos andinos 
300 |a 137 p 
942 |c BK 
945 |d 20080328 00:00:00  |a rbrito 
260 |a Lima  |b Edi-Agraria  |c 1998 
650 0 |a Cereales  |9 264300 
650 0 |a Cultivo  |9 264268 
650 7 |a QUINUA  |2 CL-VaPUC  |9 527798 
650 7 |a KAÑIWA  |2 CL-VaPUC  |9 527799 
650 7 |a KIWICHA  |2 CL-VaPUC  |9 527800 
650 7 |a PROTEINAS  |2 CL-VaPUC  |9 527801 
650 0 |a Lípidos   |9 306890 
650 7 |a CARBOHIDRATOS  |2 CL-VaPUC  |9 306793 
583 |a last modification  |c 20080328 00:00:00  |k Rodrigo Vera 
999 |c 329173  |d 329171 
952 |0 0  |1 0  |4 0  |6 633_200000000000000_REP_1998  |7 0  |8 A  |9 413536  |a BIBALI  |b BIBALI  |c GEN  |d 2019-11-22  |i 4420225  |o 633.2 REP 1998  |p 4420225  |r 2025-01-20  |w 2019-11-22  |y BK  |k ALI